| 000 | 02046nam a22003137a 4500 | ||
|---|---|---|---|
| 001 | 8629 | ||
| 003 | FISKH | ||
| 005 | 20251007101737.0 | ||
| 008 | 251007b cb ||||| |||| 00| 0 eng d | ||
| 020 | _a9789996301209 | ||
| 040 |
_aFISKH _bkhr _cFISKH _dFISKH |
||
| 050 | _aPZ7 | ||
| 082 | _a895 | ||
| 100 | _aSeap, Kol | ||
| 245 |
_aខ្មៅដៃមួយដើម : _bOne pencil / _cនិពន្ធដោយ អ្នកស្រី កុល សៀប , កែសម្រួលដោយ អ្នកស្រី គឹមស៊ុន សុធារី |
||
| 260 |
_aPhnom Penh : _bReading Books , _c2010. |
||
| 300 |
_a20 pages : _bcolor illustrations ; _c25 cm . |
||
| 490 | _aពិភពរឿងនិទាន | ||
| 505 | _aJ | ||
| 520 | _aរឿងនេះចង់អប់រំដល់ប្អូនៗកុមារចេះខិតខំព្យាយាមទទួលខុសត្រូវដោយខ្លួនឯង ទាំងការរៀបចំទុកដាក់សំភារះផ្ទាល់ខ្លួន ការតស៊ូរៀនសូត្រ និងការដឹងកំហុសខ្លួនឯង។ ជាពិសេសជួយដាស់ស្មារតីឧ៏ពុកម្តាយអោយចេះសហការជាមួយលោកគ្រូ អ្នកគ្រូដើម្បីជៀសរាងកុំអោយកូនខូច ។ | ||
| 520 | _aThis story is intended to educated children to try their best to be self-responsible for their personal material preparation, it helps parents to understand how to extendsound cooperation with their children's teachers in order that their children are not spoilt . | ||
| 521 | 8 |
_a500
_bLexile estimate |
|
| 521 | 8 |
_aJ
_bRaz-Plus |
|
| 650 |
_aខ្មៅដៃមួយដើម _vរឿងនិទានកុមារ |
||
| 650 |
_aOne pencil _vChildren's Stories |
||
| 700 |
_aBunthorn, Theak _eIllustrator |
||
| 942 |
_2ddc _cKHB _n0 |
||
| 999 |
_c8629 _d8629 |
||